[Event "DEN-chT 0607"]
[Site "Denmark"]
[Date "2006.11.04"]
[Round "1.1"]
[White "Ost Hansen, Jacob"]
[Black "Andreasen, Per Naesby"]
[Result "1-0"]
[WhiteElo "2439"]
[BlackElo "2228"]
[PlyCount "35"]
[EventDate "2006.11.04"]
[EventType "team"]
[EventRounds "9"]
[EventCountry "DEN"]
[Source "ChessBase"]
[SourceDate "2007.02.01"]
[WhiteTeam "K41"]
[BlackTeam "Norresundby"]
[WhiteTeamCountry "DEN"]
[BlackTeamCountry "DEN"]

1. g3 d5 2. Nf3 Nf6 3. Bg2 c5 4. O-O Nc6 5. d3 e5 6. Nbd2 Be7 7. e4 dxe4 8.
dxe4 O-O 9. c3 Qd3 10. Re1 Be6 11. Ng5 Bg4 12. f3 Bd7 13. Bf1 Qd6 14. Qe2 Rad8
15. Nc4 Qc7 16. a4 Na5 17. Nxe5 Nb3 18. Nexf7 1-0

[Event "DEN-chT 0607"]
[Site "Denmark"]
[Date "2006.11.04"]
[Round "1.2"]
[White "Nielsen, Tommy"]
[Black "Lund, Silas"]
[Result "0-1"]
[WhiteElo "2187"]
[BlackElo "2329"]
[PlyCount "108"]
[EventDate "2006.11.04"]
[EventType "team"]
[EventRounds "9"]
[EventCountry "DEN"]
[Source "ChessBase"]
[SourceDate "2007.02.01"]
[WhiteTeam "Norresundby"]
[BlackTeam "K41"]
[WhiteTeamCountry "DEN"]
[BlackTeamCountry "DEN"]

1. e4 e5 2. Nf3 Nc6 3. Bb5 Nf6 4. O-O Nxe4 5. d4 Nd6 6. Bxc6 dxc6 7. dxe5 Nf5
8. Qxd8+ Kxd8 9. Nc3 Bd7 10. Bd2 Kc8 11. Rad1 b6 12. Rfe1 h6 13. Ne2 c5 14. Ng3
Nxg3 15. hxg3 Be7 16. Bc3 Be6 17. a4 Kb7 18. Rd2 Rhd8 19. Red1 Rxd2 20. Rxd2 a6
21. Kf1 b5 22. b3 Kc6 23. Ke2 g5 24. Rd1 Bf5 25. Ne1 h5 26. Ra1 b4 27. Bb2 h4
28. gxh4 gxh4 29. Rd1 Rg8 30. Bc1 Be6 31. f3 c4 32. bxc4 Bxc4+ 33. Kf2 b3 34.
cxb3 Bxb3 35. Rd3 Bxa4 36. Rc3+ Kb6 37. Be3+ c5 38. Nd3 Rc8 39. Nf4 Kc6 40. Nd3
Kb5 41. f4 c4 42. f5 Re8 43. Nb2 Bb3 44. Bd4 Bc5 45. Bxc5 Kxc5 46. Rc1 a5 47.
Kf3 Kd4 48. e6 fxe6 49. Re1 e5 50. Re4+ Kc3 51. Nxc4 Bxc4 52. Rxh4 a4 53. g4 a3
54. g5 a2 0-1

[Event "DEN-chT 0607"]
[Site "Denmark"]
[Date "2006.11.04"]
[Round "1.3"]
[White "Schmidt, Kristen"]
[Black "Willumsen, Niels Henrik"]
[Result "1/2-1/2"]
[WhiteElo "2322"]
[BlackElo "2138"]
[PlyCount "79"]
[EventDate "2006.11.04"]
[EventType "team"]
[EventRounds "9"]
[EventCountry "DEN"]
[Source "ChessBase"]
[SourceDate "2007.02.01"]
[WhiteTeam "K41"]
[BlackTeam "Norresundby"]
[WhiteTeamCountry "DEN"]
[BlackTeamCountry "DEN"]

1. e4 c5 2. Nf3 d6 3. Nc3 Nc6 4. Bc4 e5 5. d3 Be7 6. O-O Bg4 7. h3 Bh5 8. Nd5
Nf6 9. g4 Bg6 10. Nxe7 Qxe7 11. Nh4 O-O-O 12. Bg5 Nd4 13. c3 Ne6 14. Bxe6+ Qxe6
15. f3 h5 16. Kg2 d5 17. Qe1 dxe4 18. dxe4 hxg4 19. hxg4 Rd3 20. Nxg6 fxg6 21.
Qe2 Rhd8 22. Rh1 Qc4 23. Rhe1 Qa4 24. a3 c4 25. Rac1 R8d6 26. Qf2 b6 27. Re2
Qd7 28. Qh4 Qf7 29. Rf1 Nd7 30. Rff2 Nc5 31. Be7 Rc6 32. Bxc5 Rxc5 33. Qg5 Qf6
34. Qxf6 gxf6 35. Kg3 g5 36. Rh2 Rc7 37. Rh6 Rd6 38. Reh2 Kb7 39. Rh7 b5 40.
Rxc7+ 1/2-1/2

[Event "DEN-chT 0607"]
[Site "Denmark"]
[Date "2006.11.04"]
[Round "1.4"]
[White "Jorgensen, Jorgen"]
[Black "Greger, Roland Reinhard"]
[Result "0-1"]
[WhiteElo "2255"]
[BlackElo "2332"]
[PlyCount "90"]
[EventDate "2006.11.04"]
[EventType "team"]
[EventRounds "9"]
[EventCountry "DEN"]
[Source "ChessBase"]
[SourceDate "2007.02.01"]
[WhiteTeam "Norresundby"]
[BlackTeam "K41"]
[WhiteTeamCountry "DEN"]
[BlackTeamCountry "DEN"]

1. d4 Nf6 2. c4 c5 3. d5 b5 4. cxb5 a6 5. bxa6 g6 6. Nf3 Bxa6 7. g3 Bg7 8. Bg2
d6 9. Nc3 Qa5 10. O-O Nbd7 11. Re1 O-O 12. Bd2 Rfb8 13. b3 Ng4 14. Rc1 Qa3 15.
h3 Nge5 16. Nxe5 Bxe5 17. Rc2 c4 18. Nb1 Qc5 19. b4 Qb5 20. a3 Qa4 21. Bc1 Bb5
22. Nc3 Qb3 23. Nxb5 Rxb5 24. e4 Rbb8 25. Bf1 c3 26. Bd3 Ra7 27. Qe2 Rxa3 28.
Bxa3 Qxa3 29. Ra2 Qxb4 30. Rb1 Qxb1+ 31. Bxb1 Rxb1+ 32. Kg2 Rb2 33. Rxb2 cxb2
34. Qc2 Nb6 35. f4 Nc4 36. Qxc4 b1=Q 37. fxe5 Qb2+ 38. Kf3 Qxe5 39. h4 Kg7 40.
Qc1 f5 41. Qe3 Qxe4+ 42. Qxe4 fxe4+ 43. Kxe4 Kf6 44. g4 e5 45. dxe6 Kxe6 0-1

[Event "DEN-chT 0607"]
[Site "Denmark"]
[Date "2006.11.04"]
[Round "1.5"]
[White "Larsen, Karsten"]
[Black "Pedersen, Svend"]
[Result "1-0"]
[WhiteElo "2294"]
[BlackElo "2237"]
[PlyCount "71"]
[EventDate "2006.11.04"]
[EventType "team"]
[EventRounds "9"]
[EventCountry "DEN"]
[Source "ChessBase"]
[SourceDate "2007.02.01"]
[WhiteTeam "K41"]
[BlackTeam "Norresundby"]
[WhiteTeamCountry "DEN"]
[BlackTeamCountry "DEN"]

1. e4 g6 2. d4 Bg7 3. Nf3 d6 4. Bd3 e5 5. O-O exd4 6. Nxd4 Nf6 7. Bg5 h6 8. Bh4
O-O 9. Nc3 Nc6 10. Nxc6 bxc6 11. h3 Rb8 12. Rb1 Qe8 13. f4 Nh7 14. Qd2 g5 15.
Bg3 Qe7 16. b3 g4 17. hxg4 Bxg4 18. Rbe1 Kh8 19. e5 dxe5 20. fxe5 Ng5 21. Qf4
Bh5 22. Ne4 Nxe4 23. Qxe4 Bg6 24. Qxc6 Bxd3 25. cxd3 Rb6 26. Qe4 Rb4 27. Qf5
Kg8 28. Rf3 Rd4 29. Bf2 Rd5 30. Rg3 Qe6 31. Qf4 c5 32. Rge3 Kh8 33. Bh4 Rd4 34.
Re4 Rxd3 35. Bf6 Rg8 36. Qxh6# 1-0

[Event "DEN-chT 0607"]
[Site "Denmark"]
[Date "2006.11.04"]
[Round "1.6"]
[White "Nielsen, John Bauneborg"]
[Black "Olesen, Martin"]
[Result "0-1"]
[WhiteElo "2187"]
[BlackElo "2272"]
[PlyCount "154"]
[EventDate "2006.11.04"]
[EventType "team"]
[EventRounds "9"]
[EventCountry "DEN"]
[Source "ChessBase"]
[SourceDate "2007.02.01"]
[WhiteTeam "Norresundby"]
[BlackTeam "K41"]
[WhiteTeamCountry "DEN"]
[BlackTeamCountry "DEN"]

1. d4 d5 2. c4 Nc6 3. Nf3 Bg4 4. cxd5 Bxf3 5. dxc6 Bxc6 6. Nc3 e6 7. e4 Bb4 8.
f3 Qh4+ 9. g3 Qh5 10. Be2 O-O-O 11. Be3 f5 12. Qc2 Nf6 13. exf5 Bxf3 14. O-O
Bxe2 15. Qxe2 Qxe2 16. Nxe2 exf5 17. Bg5 Rhe8 18. Bxf6 gxf6 19. Kf2 Ba5 20.
Rfd1 Bb6 21. Rd2 Rd5 22. Rad1 Red8 23. b4 a5 24. bxa5 Bxa5 25. Rb2 Bb6 26. Rdb1
Rxd4 27. Rxb6 cxb6 28. Rc1+ Kb8 29. Nxd4 Rxd4 30. Ke3 Ra4 31. Rc2 h5 32. h4 b5
33. Rf2 Re4+ 34. Kd3 Re5 35. Rc2 Rd5+ 36. Ke3 b4 37. Rc4 Rb5 38. Kf4 Ka7 39.
Rc7 Ra5 40. Rc2 Kb6 41. Rb2 Rb5 42. Re2 Ka5 43. Re8 Rc5 44. Rb8 b6 45. Rf8 Ka4
46. Rxf6 Rb5 47. Rxf5 Rxf5+ 48. Kxf5 Ka3 49. g4 hxg4 50. Kxg4 Kxa2 51. h5 b3
52. h6 b2 53. h7 b1=Q 54. h8=Q Qe4+ 55. Kg5 Qd5+ 56. Kf4 b5 57. Qb8 Qd4+ 58.
Kf5 b4 59. Qa8+ Kb2 60. Qf3 Qc3 61. Qh1 b3 62. Ke6 Qe3+ 63. Kd6 Kc2 64. Qc6+
Qc3 65. Qa4 Kd3 66. Qb5+ Kd2 67. Qg5+ Kc2 68. Ke7 Qd4 69. Qf5+ Kd2 70. Qa5+ Kd1
71. Qh5+ Kc1 72. Qh1+ Kc2 73. Qg2+ Qd2 74. Qg6+ Qd3 75. Qg2+ Kd1 76. Qh1+ Kd2
77. Qb7 Qh7+ 0-1

[Event "DEN-chT 0607"]
[Site "Denmark"]
[Date "2006.11.04"]
[Round "1.7"]
[White "Semcesen, Daniel"]
[Black "Sorensen, Bent"]
[Result "1-0"]
[WhiteElo "2286"]
[BlackElo "2220"]
[PlyCount "139"]
[EventDate "2006.11.04"]
[EventType "team"]
[EventRounds "9"]
[EventCountry "DEN"]
[Source "ChessBase"]
[SourceDate "2007.02.01"]
[WhiteTeam "K41"]
[BlackTeam "Norresundby"]
[WhiteTeamCountry "DEN"]
[BlackTeamCountry "DEN"]

1. d4 d5 2. c4 c6 3. Nf3 Nf6 4. Qb3 e6 5. Nc3 Nbd7 6. Bg5 h6 7. Bh4 Be7 8. e3
O-O 9. Bd3 b6 10. O-O Bb7 11. Rfd1 dxc4 12. Bxc4 b5 13. Be2 a6 14. a4 b4 15.
Na2 a5 16. Nd2 c5 17. Bf3 Nd5 18. Bg3 cxd4 19. exd4 N7b6 20. Rdc1 Qd7 21. Nc4
Nxa4 22. Rc2 Rfc8 23. Nc1 Nab6 24. Nxa5 Ba6 25. Rxc8+ Qxc8 26. Qd1 Bb5 27. Nab3
Rxa1 28. Nxa1 Na4 29. Bxd5 exd5 30. Qd2 Qc4 31. h3 Bg5 32. f4 Bf6 33. Bf2 Nb6
34. b3 Qf1+ 35. Kh2 Ba6 36. Nc2 Be7 37. Qe1 Bd6 38. Qxf1 Bxf1 39. g3 g5 40. Be3
f6 41. Bd2 Kf7 42. Bxb4 Bxb4 43. Nxb4 gxf4 44. gxf4 Ke6 45. Nc2 Nc8 46. Ne3 Ba6
47. f5+ Kd6 48. Ng4 h5 49. Nxf6 Ne7 50. Ne8+ Kd7 51. Ng7 Nc6 52. Ne6 Ke7 53.
Kg3 Kf6 54. Kf4 Bc8 55. Ne2 Ne7 56. Ng3 Nxf5 57. Nxf5 Bxe6 58. Ng3 h4 59. Nh5+
Ke7 60. Kg5 Bxh3 61. Nf4 Bc8 62. Kxh4 Bf5 63. Nxd5+ Kd6 64. Nc3 Bd3 65. Kg5 Ke6
66. Kf4 Kd6 67. b4 Bf1 68. Ke3 Bc4 69. Ke4 Bf1 70. d5 1-0

[Event "DEN-chT 0607"]
[Site "Denmark"]
[Date "2006.11.04"]
[Round "1.8"]
[White "Christiansen, Jens Jorgen"]
[Black "Naes, Flovin Tor"]
[Result "0-1"]
[WhiteElo "2097"]
[BlackElo "2227"]
[PlyCount "64"]
[EventDate "2006.11.04"]
[EventType "team"]
[EventRounds "9"]
[EventCountry "DEN"]
[Source "ChessBase"]
[SourceDate "2007.02.01"]
[WhiteTeam "Norresundby"]
[BlackTeam "K41"]
[WhiteTeamCountry "DEN"]
[BlackTeamCountry "DEN"]

1. d4 d5 2. c4 dxc4 3. e4 e5 4. Nf3 exd4 5. Qxd4 Qxd4 6. Nxd4 Bc5 7. Nb5 Na6 8.
Bxc4 c6 9. N5c3 Nb4 10. Na3 Nf6 11. h3 O-O 12. Bg5 Nd7 13. O-O-O b5 14. Be2 Ne5
15. Nc2 Be6 16. Nxb4 Bxb4 17. f4 f6 18. Bh4 Nc4 19. Bf2 a5 20. Kc2 a4 21. a3
Be7 22. Bxc4 Bxc4 23. Rd7 Rfe8 24. Bb6 Rab8 25. Ba7 Rbd8 26. Rxd8 Rxd8 27. Bb6
Bb3+ 28. Kc1 Rd3 29. Ba5 Bc5 30. Nd1 Rd4 31. Re1 Bxd1 32. Rxd1 Rxe4 0-1

[Event "DEN-chT 0607"]
[Site "Denmark"]
[Date "2006.11.04"]
[Round "1.1"]
[White "Rasmussen, Karsten"]
[Black "Pedersen, Nicolai Vesterbaek"]
[Result "1/2-1/2"]
[WhiteElo "2463"]
[BlackElo "2492"]
[PlyCount "57"]
[EventDate "2006.11.04"]
[EventType "team"]
[EventRounds "9"]
[EventCountry "DEN"]
[Source "ChessBase"]
[SourceDate "2007.02.01"]
[WhiteTeam "Skolerne"]
[BlackTeam "Aalborg"]
[WhiteTeamCountry "DEN"]
[BlackTeamCountry "DEN"]

1. Nf3 Nf6 2. c4 e6 3. d4 Bb4+ 4. Bd2 c5 5. Bxb4 cxb4 6. e3 O-O 7. Be2 d6 8.
O-O b6 9. Ne1 a5 10. Nd3 Re8 11. a3 bxa3 12. Nxa3 e5 13. Nb5 Na6 14. Qb3 exd4
15. Nxd4 Nc5 16. Nxc5 dxc5 17. Nb5 Bg4 18. Bxg4 Nxg4 19. Rad1 a4 20. Qc2 Qb8
21. Rd6 a3 22. bxa3 Rxa3 23. h3 Ra5 24. Rdd1 Nf6 25. Nc3 Ra3 26. Nb1 Ra5 27.
Nc3 Ra3 28. Nb1 Ra5 29. Nc3 1/2-1/2

[Event "DEN-chT 0607"]
[Site "Denmark"]
[Date "2006.11.04"]
[Round "1.2"]
[White "Pedersen, Erik"]
[Black "Sorensen, Jan"]
[Result "1-0"]
[WhiteElo "2420"]
[BlackElo "2416"]
[PlyCount "59"]
[EventDate "2006.11.04"]
[EventType "team"]
[EventRounds "9"]
[EventCountry "DEN"]
[Source "ChessBase"]
[SourceDate "2007.02.01"]
[WhiteTeam "Aalborg"]
[BlackTeam "Skolerne"]
[WhiteTeamCountry "DEN"]
[BlackTeamCountry "DEN"]

1. d4 c5 2. d5 Nf6 3. Nc3 d6 4. e4 g6 5. Nf3 Bg7 6. Bc4 O-O 7. O-O Bg4 8. h3
Bxf3 9. Qxf3 Nbd7 10. Qd1 Ne8 11. Re1 a6 12. a4 b6 13. Bg5 Nc7 14. f4 Rb8 15.
Qd3 f6 16. Bh4 Qc8 17. e5 b5 18. axb5 axb5 19. Nxb5 Nxb5 20. Bxb5 dxe5 21. d6
exd6 22. Ra7 Nb6 23. Qxd6 Rb7 24. Rxb7 Qxb7 25. fxe5 fxe5 26. Be7 Rf7 27. Qd8+
Bf8 28. Bxc5 Qc8 29. Bxb6 Qxc2 30. Qd5 1-0

[Event "DEN-chT 0607"]
[Site "Denmark"]
[Date "2006.11.04"]
[Round "1.3"]
[White "Vinther Schou, Uffe"]
[Black "Jakobsen, Lars Veno"]
[Result "0-1"]
[WhiteElo "2380"]
[BlackElo "2304"]
[PlyCount "94"]
[EventDate "2006.11.04"]
[EventType "team"]
[EventRounds "9"]
[EventCountry "DEN"]
[Source "ChessBase"]
[SourceDate "2007.02.01"]
[WhiteTeam "Skolerne"]
[BlackTeam "Aalborg"]
[WhiteTeamCountry "DEN"]
[BlackTeamCountry "DEN"]

1. d4 Nf6 2. c4 e6 3. Nc3 Bb4 4. e3 c5 5. Nge2 cxd4 6. exd4 O-O 7. a3 Be7 8. d5
exd5 9. cxd5 Re8 10. g3 Bc5 11. Bg2 d6 12. O-O a6 13. b4 Ba7 14. Bb2 Nbd7 15.
h3 Ne5 16. Ra2 Bd7 17. Nf4 Rc8 18. Ba1 Rc4 19. Nh5 Bf5 20. Rd2 Nxh5 21. Qxh5
Bg6 22. Qd1 Qc7 23. Qb3 Rc8 24. Ne2 Qe7 25. Nd4 Rc1 26. Bb2 Rxf1+ 27. Bxf1 Qc7
28. Kg2 Be4+ 29. f3 Bxd4 30. fxe4 Bxb2 31. Qxb2 Qc3 32. Qxc3 Rxc3 33. a4 g6 34.
Kf2 Rf3+ 35. Kg2 Ra3 36. a5 Rb3 37. b5 axb5 38. Rc2 b4 39. Rc8+ Kg7 40. Be2 Rc3
41. Rb8 Rc2 42. Kf1 b3 43. Rxb7 b2 44. Kf2 Nd3+ 45. Ke3 Nc5 46. Rb4 Rc3+ 47.
Kd2 Nxe4+ 0-1

[Event "DEN-chT 0607"]
[Site "Denmark"]
[Date "2006.11.04"]
[Round "1.4"]
[White "Meyer, Lars"]
[Black "Pedersen, Finn"]
[Result "1/2-1/2"]
[WhiteElo "2239"]
[BlackElo "2300"]
[PlyCount "79"]
[EventDate "2006.11.04"]
[EventType "team"]
[EventRounds "9"]
[EventCountry "DEN"]
[Source "ChessBase"]
[SourceDate "2007.02.01"]
[WhiteTeam "Aalborg"]
[BlackTeam "Skolerne"]
[WhiteTeamCountry "DEN"]
[BlackTeamCountry "DEN"]

1. d4 d5 2. c4 c6 3. Nf3 Nf6 4. cxd5 cxd5 5. Nc3 Nc6 6. Bf4 e6 7. a3 Be7 8. e3
Nh5 9. Bg3 f5 10. Ne5 Nxg3 11. Nxc6 bxc6 12. hxg3 c5 13. dxc5 Bxc5 14. Rc1 Be7
15. g4 fxg4 16. Qxg4 Bf6 17. Rxh7 Rxh7 18. Qg6+ Ke7 19. Qxh7 Rb8 20. b4 a5 21.
b5 Qd6 22. Qd3 Bd7 23. Be2 Rc8 24. Kd2 Rc4 25. Qb1 Bxc3+ 26. Rxc3 Rxc3 27. Kxc3
Qxa3+ 28. Qb3 Qc5+ 29. Kb2 Kd6 30. Qa3 Qxa3+ 31. Kxa3 Kc5 32. Ka4 Kb6 33. f4
Be8 34. g3 Bg6 35. Kb3 Bf5 36. g4 Be4 37. g5 Bf5 38. Ka3 Bc2 39. Kb2 Bg6 40.
Kb3 1/2-1/2

[Event "DEN-chT 0607"]
[Site "Denmark"]
[Date "2006.11.04"]
[Round "1.5"]
[White "Jacobsen, Bo"]
[Black "Hellegaard, Carsten"]
[Result "1-0"]
[WhiteElo "2307"]
[BlackElo "2230"]
[PlyCount "109"]
[EventDate "2006.11.04"]
[EventType "team"]
[EventRounds "9"]
[EventCountry "DEN"]
[Source "ChessBase"]
[SourceDate "2007.02.01"]
[WhiteTeam "Skolerne"]
[BlackTeam "Aalborg"]
[WhiteTeamCountry "DEN"]
[BlackTeamCountry "DEN"]

1. c4 e6 2. g3 d5 3. Bg2 Nf6 4. Nf3 Be7 5. O-O O-O 6. b3 b6 7. Bb2 Bb7 8. e3 c5
9. Qe2 Nc6 10. Nc3 d4 11. exd4 Nxd4 12. Nxd4 Bxg2 13. Kxg2 Qxd4 14. Na4 Qd6 15.
Rad1 Rad8 16. d4 cxd4 17. Rxd4 Qc6+ 18. Qf3 Qxf3+ 19. Kxf3 Rxd4 20. Bxd4 Rd8
21. Be3 Nd7 22. Ke2 Kf8 23. h3 Ke8 24. Rd1 Nc5 25. Rxd8+ Kxd8 26. Nxc5 bxc5 27.
b4 cxb4 28. Bxa7 Kc7 29. f3 Kc6 30. Bf2 f5 31. Kd3 h5 32. g4 hxg4 33. hxg4 g6
34. Kc2 e5 35. Kb3 e4 36. fxe4 fxe4 37. Be1 e3 38. Kc2 Bc5 39. Kd3 Kb6 40. Ke4
Kc6 41. Bh4 Bb6 42. Kd3 Bc5 43. Bg5 Kd6 44. Bf4+ Kc6 45. g5 Bf8 46. Bxe3 Be7
47. Kc2 Kd6 48. Kb3 Kc6 49. Bd2 Kb6 50. Ka4 Kc6 51. Ka5 Bxg5 52. Bxg5 Kc5 53.
Be7+ Kxc4 54. Bxb4 g5 55. Bd6 1-0

[Event "DEN-chT 0607"]
[Site "Denmark"]
[Date "2006.11.04"]
[Round "1.6"]
[White "Nielsen, Steffen"]
[Black "Hagen, Andreas Skytte"]
[Result "1/2-1/2"]
[WhiteElo "2218"]
[BlackElo "2259"]
[PlyCount "147"]
[EventDate "2006.11.04"]
[EventType "team"]
[EventRounds "9"]
[EventCountry "DEN"]
[Source "ChessBase"]
[SourceDate "2007.02.01"]
[WhiteTeam "Aalborg"]
[BlackTeam "Skolerne"]
[WhiteTeamCountry "DEN"]
[BlackTeamCountry "DEN"]

1. e4 e6 2. d3 d5 3. Nd2 Nf6 4. Ngf3 Bc5 5. e5 Nfd7 6. d4 Be7 7. Bd3 c5 8. c3
Nc6 9. O-O a5 10. Nb1 b6 11. Qe2 cxd4 12. cxd4 Nb4 13. Bb5 Ba6 14. Nc3 Bxb5 15.
Nxb5 O-O 16. Bd2 Rc8 17. a3 Nc6 18. Rfc1 Ndb8 19. Rc3 Qd7 20. Rac1 Na7 21. Nxa7
Rxc3 22. Rxc3 Qxa7 23. Bg5 Bxg5 24. Nxg5 h6 25. Nf3 Qb7 26. Qc2 Na6 27. Ne1 b5
28. Rc6 b4 29. a4 b3 30. Qc1 Nb4 31. Rc5 Qd7 32. Rxa5 Nc6 33. Ra6 Nxd4 34. Qd2
Qb7 35. Ra5 Qc7 36. Nd3 Qc4 37. h3 Rc8 38. Qe3 Nf5 39. Qf3 Qd4 40. Kh2 Qb6 41.
Rb5 Qa7 42. Rxb3 Qxa4 43. Rb4 Qc2 44. Rb7 Qc6 45. Rb4 Ra8 46. Qd1 d4 47. Qe2
Rd8 48. Rb3 Nh4 49. Qg4 Ng6 50. Rb4 Qd5 51. Qe2 Ra8 52. Kg3 Ra1 53. Qf3 Qxf3+
54. Kxf3 Nh4+ 55. Ke2 Nxg2 56. Rxd4 g5 57. Rg4 Nh4 58. f4 Rh1 59. fxg5 hxg5 60.
Rxg5+ Ng6 61. Rg3 Kh7 62. Kd2 Kh6 63. Rf3 Kg5 64. b4 Rh2+ 65. Kc3 Ne7 66. b5
Nd5+ 67. Kd4 f6 68. exf6 Nxf6 69. b6 Rh1 70. Kc4 Rb1 71. Rg3+ Kh4 72. Rg6 Nd5
73. Rxe6 Nxb6+ 74. Kd4 1/2-1/2

[Event "DEN-chT 0607"]
[Site "Denmark"]
[Date "2006.11.04"]
[Round "1.7"]
[White "Rewitz, Poul"]
[Black "Nielsen, Jorgen G"]
[Result "1-0"]
[WhiteElo "2227"]
[BlackElo "2186"]
[PlyCount "49"]
[EventDate "2006.11.04"]
[EventType "team"]
[EventRounds "9"]
[EventCountry "DEN"]
[Source "ChessBase"]
[SourceDate "2007.02.01"]
[WhiteTeam "Skolerne"]
[BlackTeam "Aalborg"]
[WhiteTeamCountry "DEN"]
[BlackTeamCountry "DEN"]

1. e4 e5 2. Nf3 Nc6 3. d4 exd4 4. Nxd4 Nf6 5. Nxc6 bxc6 6. e5 Nd5 7. c4 Nb6 8.
Bd3 d6 9. exd6 cxd6 10. O-O Be7 11. Qh5 Be6 12. Re1 Qd7 13. Nd2 Bg4 14. Qg5 Be6
15. Qxg7 O-O-O 16. Qc3 d5 17. cxd5 Nxd5 18. Qb3 Nb6 19. Ba6+ Kb8 20. Nc4 Bc5
21. Bf4+ Ka8 22. Rad1 Qe7 23. Nxb6+ axb6 24. Qa4 Rxd1 25. Bb5+ 1-0

[Event "DEN-chT 0607"]
[Site "Denmark"]
[Date "2006.11.04"]
[Round "1.8"]
[White "Hjorth, Torben"]
[Black "Grand, Hans Henrik"]
[Result "1-0"]
[WhiteElo "2158"]
[BlackElo "2031"]
[PlyCount "119"]
[EventDate "2006.11.04"]
[EventType "team"]
[EventRounds "9"]
[EventCountry "DEN"]
[Source "ChessBase"]
[SourceDate "2007.02.01"]
[WhiteTeam "Aalborg"]
[BlackTeam "Skolerne"]
[WhiteTeamCountry "DEN"]
[BlackTeamCountry "DEN"]

1. e4 d5 2. exd5 Qxd5 3. Nc3 Qa5 4. Bc4 c6 5. d4 Nf6 6. Nge2 Bf5 7. O-O e6 8.
Ng3 Bg6 9. f4 Bd6 10. f5 Bxf5 11. Nxf5 exf5 12. Qe2+ Kf8 13. Bg5 Nbd7 14. Bb3
h6 15. Qc4 Nd5 16. Bd2 Qc7 17. Nxd5 Bxh2+ 18. Kh1 cxd5 19. Qxd5 Nf6 20. Bb4+
Kg8 21. Qxf5 Bd6 22. Bxd6 Qxd6 23. Qg6 Rf8 24. Rf3 h5 25. Rg3 Rh7 26. Rf1 Kh8
27. Qd3 g6 28. c4 Ng4 29. c5 Qe7 30. Kg1 f5 31. Qc3 Rg7 32. d5 Qc7 33. d6 Qc6
34. Qd4 b6 35. cxb6 Qxb6 36. Qxb6 axb6 37. Rc3 Rd8 38. Rc6 Rgd7 39. Rd1 Nf6 40.
Be6 Rb7 41. d7 Kg7 42. Rc8 Rdxd7 43. Bxd7 Nxd7 44. Rdc1 Nc5 45. b4 Ne6 46. R1c6
Kf7 47. a4 Ra7 48. Rxb6 Rxa4 49. Rcc6 Ra1+ 50. Kh2 Re1 51. b5 f4 52. Rb7+ Kf6
53. Rh7 g5 54. Rxh5 g4 55. b6 Kg6 56. Rb5 f3 57. gxf3 gxf3 58. Kg3 Kf7 59. Rxe6
f2 60. Kxf2 1-0

[Event "DEN-chT 0607"]
[Site "Denmark"]
[Date "2006.11.04"]
[Round "1.1"]
[White "Hillarp Persson, Tiger"]
[Black "Rasmussen, Allan Stig"]
[Result "1/2-1/2"]
[WhiteElo "2550"]
[BlackElo "2398"]
[PlyCount "115"]
[EventDate "2006.11.04"]
[EventType "team"]
[EventRounds "9"]
[EventCountry "DEN"]
[Source "ChessBase"]
[SourceDate "2007.02.01"]
[WhiteTeam "Bronshoj"]
[BlackTeam "Jetsmark"]
[WhiteTeamCountry "DEN"]
[BlackTeamCountry "DEN"]

1. d4 f5 2. Nc3 Nf6 3. Bg5 d5 4. Bxf6 exf6 5. e3 Be6 6. Bd3 Nc6 7. Nce2 Qd7 8.
c3 Ne7 9. Qc2 c6 10. Nf3 g6 11. Nd2 Nc8 12. O-O Nd6 13. c4 Bh6 14. c5 Ne4 15.
b4 O-O 16. Nb3 Rae8 17. Rae1 Qc7 18. Kh1 Bd7 19. a4 Re7 20. Ng1 Rfe8 21. f3 Ng5
22. Qd2 Kf8 23. g3 Bg7 24. Kg2 Qc8 25. h4 Nf7 26. Re2 Bh6 27. f4 Bg7 28. Nh3 h5
29. Nf2 Nh6 30. Rfe1 Kf7 31. Kf1 Qc7 32. b5 Bf8 33. Qb4 b6 34. bxc6 Bxc6 35.
Bb5 bxc5 36. dxc5 Rb8 37. Nd4 Bb7 38. Qc3 a6 39. Bd3 Ree8 40. Rc2 Bc6 41. Qa3
Qc8 42. Be2 Kg7 43. Bf3 Nf7 44. Nd3 a5 45. Kf2 Nd8 46. Qa2 Re4 47. Rb2 Rxb2+
48. Qxb2 Re7 49. Qb6 Bxa4 50. Ra1 Be8 51. Qxa5 Bf7 52. Qa8 Rc7 53. Qxc8 Rxc8
54. Ra4 Kg8 55. Rb4 Rc7 56. Ke2 Nb7 57. c6 Nd6 58. Rb8 1/2-1/2

[Event "DEN-chT 0607"]
[Site "Denmark"]
[Date "2006.11.04"]
[Round "1.2"]
[White "Christensen, Stefan"]
[Black "Hoi, Carsten"]
[Result "1/2-1/2"]
[WhiteElo "2272"]
[BlackElo "2425"]
[PlyCount "40"]
[EventDate "2006.11.04"]
[EventType "team"]
[EventRounds "9"]
[EventCountry "DEN"]
[Source "ChessBase"]
[SourceDate "2007.02.01"]
[WhiteTeam "Jetsmark"]
[BlackTeam "Bronshoj"]
[WhiteTeamCountry "DEN"]
[BlackTeamCountry "DEN"]

1. e4 g6 2. d4 Bg7 3. Nc3 d6 4. Be3 c6 5. Qd2 Nd7 6. Nf3 Ngf6 7. Bh6 O-O 8.
Bxg7 Kxg7 9. O-O-O Qc7 10. Qf4 e5 11. Qd2 b5 12. dxe5 dxe5 13. Qd6 Qxd6 14.
Rxd6 b4 15. Nd1 Bb7 16. Rd2 Rfd8 17. Bd3 c5 18. Re2 c4 19. Bxc4 Nxe4 20. Ne3
Nef6 1/2-1/2

[Event "DEN-chT 0607"]
[Site "Denmark"]
[Date "2006.11.04"]
[Round "1.3"]
[White "Pilgaard, Kim"]
[Black "Jensen, Bjarke"]
[Result "1-0"]
[WhiteElo "2420"]
[BlackElo "2257"]
[PlyCount "81"]
[EventDate "2006.11.04"]
[EventType "team"]
[EventRounds "9"]
[EventCountry "DEN"]
[Source "ChessBase"]
[SourceDate "2007.02.01"]
[WhiteTeam "Bronshoj"]
[BlackTeam "Jetsmark"]
[WhiteTeamCountry "DEN"]
[BlackTeamCountry "DEN"]

1. e4 e5 2. Nf3 Nc6 3. Bb5 a6 4. Ba4 Nf6 5. O-O Be7 6. Re1 d6 7. c3 Bg4 8. h3
Bh5 9. d3 Nd7 10. Be3 h6 11. Nbd2 Bg5 12. d4 Bxe3 13. fxe3 g5 14. Nf1 Bg6 15.
N3d2 h5 16. Qf3 g4 17. hxg4 hxg4 18. Qxg4 Nf6 19. Qf3 b5 20. Bb3 Bh5 21. Qh3
Qd7 22. Qh4 Ke7 23. Ng3 Bg4 24. Qg5 Rag8 25. Nf5+ Bxf5 26. Qxf5 Qxf5 27. exf5
e4 28. Nxe4 Nxe4 29. Bd5 Ng5 30. Bxc6 d5 31. Bxd5 Kd6 32. e4 Rh4 33. Re3 c6 34.
Bb3 Nxe4 35. Bxf7 Rgh8 36. Rh3 Rxh3 37. gxh3 Rxh3 38. Re1 Ng5 39. Kg2 Rh8 40.
Bg6 Rf8 41. Kg3 1-0

[Event "DEN-chT 0607"]
[Site "Denmark"]
[Date "2006.11.04"]
[Round "1.4"]
[White "Rathlev, Jakob"]
[Black "Bromann, Thorbjorn"]
[Result "0-1"]
[WhiteElo "2164"]
[BlackElo "2387"]
[PlyCount "80"]
[EventDate "2006.11.04"]
[EventType "team"]
[EventRounds "9"]
[EventCountry "DEN"]
[Source "ChessBase"]
[SourceDate "2007.02.01"]
[WhiteTeam "Jetsmark"]
[BlackTeam "Bronshoj"]
[WhiteTeamCountry "DEN"]
[BlackTeamCountry "DEN"]

1. d4 c5 2. e3 g6 3. b3 cxd4 4. exd4 Bg7 5. Nf3 Nc6 6. Bb2 Nh6 7. Be2 d5 8. O-O
Nf5 9. Na3 O-O 10. Re1 Qb6 11. c3 Nd6 12. Nc2 Bg4 13. h3 Bxf3 14. Bxf3 e6 15.
Re2 Rfd8 16. Ne1 a5 17. a4 Qc7 18. Nd3 b5 19. Ba3 b4 20. cxb4 Nxd4 21. Re1
Nxf3+ 22. Qxf3 Bxa1 23. Rxa1 axb4 24. Bxb4 Rac8 25. a5 Ne4 26. a6 f5 27. Ra2
Rd7 28. Ba5 Qd6 29. Bb4 Qb6 30. Ne5 Rdc7 31. Ba5 Rc1+ 32. Kh2 Qxa6 33. Nd3 R1c3
34. Bxc3 Qxa2 35. Bd4 Qxb3 36. Qf4 g5 37. Qe3 Rc2 38. f3 f4 39. Qe1 Qxd3 40.
Be5 Qxf3 0-1